[Event "BOL-ch sf (Women)"]
[Site "La Paz"]
[Date "2021.07.24"]
[Round "5"]
[White "Accinelli, Itzel"]
[Black "Callata, Alejandra"]
[Result "1-0"]
[WhiteElo "1286"]
[BlackElo "1502"]
[PlyCount "119"]
[EventDate "2021.07.22"]
[EventType "swiss"]
[EventRounds "7"]
[EventCountry "BOL"]
[SourceTitle "EXT 2022"]
[Source "ChessBase"]
[SourceDate "2021.10.06"]
[SourceVersion "1"]
[SourceVersionDate "2021.10.06"]
[SourceQuality "1"]

1. e4 c5 2. Nf3 d6 3. d4 cxd4 4. Nxd4 Nf6 5. Nc3 g6 6. f3 Bg7 7. Be3 Nc6 8. Qd2 0-0 9. g4 Bd7 10. 0-0-0 Qa5 11. Kb1 Rfc8 12. h4 Ne5 13. h5 Nc4 14. Bxc4 Rxc4 15. hxg6 fxg6 16. g5 Nh5 17. Nb3 Qc7 18. Nd5 Qd8 19. Nb6 axb6 20. Qd5+ e6 21. Qxc4 Ra4 22. Qd3 Be5 23. Rhf1 Qe8 24. Qd2 Bb5 25. Rg1 Qf7 26. Nd4 Bxd4 27. Bxd4 e5 28. b3 Rxd4 29. Qf2 Rxd1+ 30. Rxd1 Qc7 31. Qd2 Bc6 32. Qb4 Nf4 33. Rxd6 Qe7 34. Qc4+ Kg7 35. Rd1 b5 36. Qc3 Ne2 37. Qa5 Nd4 38. f4 Bxe4 39. Kb2 Nxc2 40. Qxb5 Bc6 41. Qe2 Qa3+ 42. Kb1 Qc5 43. Qxc2 Qxc2+ 44. Kxc2 exf4 45. a4 h6 46. gxh6+ Kxh6 47. a5 f3 48. Rd2 Kh5 49. Kd3 Kg4 50. Ke3 Kf5 51. b4 g5 52. b5 Be4 53. Rf2 g4 54. a6 bxa6 55. bxa6 Ba8 56. a7 Ke5 57. Rf1 Kf5 58. Rc1 g3 59. Rc8 g2 60. Kf2 1-0

[Event "BOL-ch sf (Women)"]
[Site "La Paz"]
[Date "2021.07.23"]
[Round "4"]
[White "Accinelli, Itzel"]
[Black "Kilibarda Acebey, Veroska Isabela"]
[Result "1/2-1/2"]
[WhiteElo "1286"]
[BlackElo "1232"]
[PlyCount "99"]
[EventDate "2021.07.22"]
[EventType "swiss"]
[EventRounds "7"]
[EventCountry "BOL"]
[SourceTitle "EXT 2022"]
[Source "ChessBase"]
[SourceDate "2021.10.06"]
[SourceVersion "1"]
[SourceVersionDate "2021.10.06"]
[SourceQuality "1"]

1. e4 c5 2. Nf3 Nc6 3. d4 cxd4 4. Nxd4 g6 5. c4 Bg7 6. Be3 Nf6 7. f3 0-0 8. Nc3 d6 9. Be2 Bd7 10. 0-0 Nxd4 11. Bxd4 Bc6 12. b3 Nd7 13. Bxg7 Kxg7 14. Qd2 Qb6+ 15. Kh1 Rad8 16. Qb2 Qd4 17. Rfd1 Qf6 18. Qd2 e6 19. Rac1 Nb6 20. Qe3 Rfe8 21. Qf2 d5 22. cxd5 exd5 23. exd5 Nxd5 24. Nxd5 Rxd5 25. Rxd5 Bxd5 26. Bb5 Bc6 27. Bxc6 bxc6 28. Qxa7 Qb2 29. Rg1 Re2 30. h3 Rd2 31. Qa5 Rd5 32. Qa8 Qc2 33. a4 Qxb3 34. Qxc6 Ra5 35. Ra1 Qb2 36. Rc1 Rxa4 37. Qxa4 Qxc1+ 38. Kh2 Qc3 39. Qf4 f6 40. h4 Qe5 41. Kg3 h5 42. Qxe5 fxe5 43. Kf2 Kf6 44. g4 g5 45. hxg5+ Kxg5 46. gxh5 Kxh5 47. Ke3 Kg5 48. Ke4 Kf6 49. f4 exf4 50. Kxf4 1/2-1/2

[Event "BOL-ch sf (Women)"]
[Site "La Paz"]
[Date "2021.07.23"]
[Round "3"]
[White "Espinoza Coca, Laura"]
[Black "Accinelli, Itzel"]
[Result "1-0"]
[WhiteElo "1086"]
[BlackElo "1286"]
[PlyCount "75"]
[EventDate "2021.07.22"]
[EventType "swiss"]
[EventRounds "7"]
[EventCountry "BOL"]
[SourceTitle "EXT 2022"]
[Source "ChessBase"]
[SourceDate "2021.10.06"]
[SourceVersion "1"]
[SourceVersionDate "2021.10.06"]
[SourceQuality "1"]

1. e4 d5 2. exd5 Qxd5 3. Nc3 Qa5 4. d4 Nf6 5. Bd3 c6 6. Nf3 Bg4 7. 0-0 e6 8. Bf4 Be7 9. Ne4 Nbd7 10. h3 Bh5 11. Ng3 Bg6 12. a3 Nd5 13. b4 Qd8 14. Be3 Bd6 15. Ne4 Bxe4 16. Bxe4 N7f6 17. Bd3 0-0 18. c4 Ne7 19. Qc2 Ng6 20. Rad1 Qe7 21. Rfe1 Rad8 22. Bg5 Bc7 23. Ne5 Kh8 24. Bxg6 fxg6 25. d5 Bxe5 26. Rxe5 Qd6 27. Rxe6 Qc7 28. d6 Qc8 29. Re7 Rd7 30. Qb2 Qd8 31. Qe5 b6 32. Qe6 Rxe7 33. Qxe7 Qb8 34. d7 Nxd7 35. Rxd7 Rg8 36. Bh6 Qf8 37. Qxf8 Rxf8 38. Bxg7+ 1-0

[Event "BOL-ch sf (Women)"]
[Site "La Paz"]
[Date "2021.07.22"]
[Round "2"]
[White "Accinelli, Itzel"]
[Black "Quispe Mamani, Briseyda Belen"]
[Result "1-0"]
[WhiteElo "1286"]
[BlackElo "1048"]
[PlyCount "73"]
[EventDate "2021.07.22"]
[EventType "swiss"]
[EventRounds "7"]
[EventCountry "BOL"]
[SourceTitle "EXT 2022"]
[Source "ChessBase"]
[SourceDate "2021.10.06"]
[SourceVersion "1"]
[SourceVersionDate "2021.10.06"]
[SourceQuality "1"]

1. e4 d5 2. exd5 Qxd5 3. Nf3 Qd6 4. Bc4 Nf6 5. d3 c6 6. Nc3 Bg4 7. Bg5 Nbd7 8. 0-0 h6 9. Bh4 g5 10. Bg3 e5 11. Qe2 Bxf3 12. Qxf3 0-0-0 13. Bxf7 Bg7 14. Qe3 Rhf8 15. Bc4 b6 16. Ba6+ Kb8 17. d4 Nd5 18. Nxd5 Qxd5 19. dxe5 Bxe5 20. Rad1 Qa5 21. Bc4 Bxg3 22. Qxg3+ Kb7 23. Rfe1 b5 24. Re7 bxc4 25. Rexd7+ Rxd7 26. Rxd7+ Ka6 27. Qe3 Rd8 28. Qxa7+ Kb5 29. Rb7+ Ka4 30. b3+ cxb3 31. axb3+ Ka3 32. Qxa5+ Kb2 33. Qxd8 Kxc2 34. Rc7 Kxb3 35. Rxc6 h5 36. Qb8+ Ka4 37. Ra6# 1-0

[Event "BOL-ch sf (Women)"]
[Site "La Paz"]
[Date "2021.07.22"]
[Round "1"]
[White "Ramirez, Maria Eugenia"]
[Black "Accinelli, Itzel"]
[Result "1-0"]
[WhiteElo "2057"]
[BlackElo "1286"]
[PlyCount "69"]
[EventDate "2021.07.22"]
[EventType "swiss"]
[EventRounds "7"]
[EventCountry "BOL"]
[SourceTitle "EXT 2022"]
[Source "ChessBase"]
[SourceDate "2021.10.06"]
[SourceVersion "1"]
[SourceVersionDate "2021.10.06"]
[SourceQuality "1"]

1. Nf3 d5 2. c4 c6 3. g3 Nf6 4. Bg2 Bf5 5. 0-0 e6 6. Qb3 Qc7 7. d3 Bd6 8. Nc3 Nbd7 9. Re1 0-0 10. Bg5 Rfe8 11. Bxf6 gxf6 12. e4 Nc5 13. Qd1 dxe4 14. dxe4 Bg4 15. Qd4 Be7 16. e5 Bxf3 17. Bxf3 f5 18. Bh5 Rad8 19. Qe3 Nd3 20. Re2 Bc5 21. Qg5+ Kh8 22. Rd1 Nxf2 23. Qf6+ Kg8 24. Rxf2 Bxf2+ 25. Kxf2 Rxd1 26. Nxd1 Rd8 27. Bxf7+ Kf8 28. Bxe6+ Ke8 29. Qh8+ Ke7 30. Qxh7+ Kxe6 31. Qxc7 Rxd1 32. Qxb7 Kxe5 33. Qxa7 Rd2+ 34. Ke3 Rxh2 35. Qe7# 1-0